Cómo hacer reingeniería
Na minha lista:
| Main Authors: | , |
|---|---|
| Formato: | Livro |
| Idioma: | espanhol |
| Publicado em: |
Barcelona
Norma
1995
|
| Assuntos: | |
| Tags: |
Adicionar Tag
Sem tags, seja o primeiro a adicionar uma tag!
|
MARC
| LEADER | 00000nam a2200000 a 4500 | ||
|---|---|---|---|
| 001 | UCZ1006 | ||
| 003 | CL-VaPUC | ||
| 008 | 950810e19950000SP |||||||||||||||||spa|d | ||
| 082 | 0 | 4 | |a 658.406 |b MAN |2 21 |
| 100 | |a Manganelli, Raymond L. |e autor |9 344364 | ||
| 700 | 0 | |a Klein, Mark M |e author |9 344365 | |
| 245 | 1 | 0 | |a Cómo hacer reingeniería |
| 300 | |a 349 p | ||
| 942 | |c BK | ||
| 945 | |d 19950810 00:00:00 |a awong | ||
| 260 | |a Barcelona |b Norma |c 1995 | ||
| 650 | 0 | |a Cambio organizacional |9 260741 | |
| 650 | 0 | |a Reorganización de corporaciones |9 329243 | |
| 650 | 0 | |a Reingeniería |9 344366 | |
| 583 | |a last modification |c 19950810 00:00:00 |k Rodrigo Vera | ||
| 999 | |c 237859 |d 237857 | ||
| 952 | |0 0 |1 0 |4 0 |6 658_406000000000000_MAN_1995 |7 0 |8 F |9 247595 |a BIBING |b BIBING |d 2019-11-18 |i 3130835 |o 658.406 MAN 1995 |p 3130835 |r 2025-01-20 |w 2019-11-18 |y BK_F |k EII | ||
| 952 | |0 0 |1 0 |4 0 |6 658_406000000000000_MAN_1995 |7 0 |8 A |9 247596 |a BIBEDU |b BIBEDU |d 2019-11-18 |i 3131564 |o 658.406 MAN 1995 |p 3131564 |r 2019-11-18 |w 2019-11-18 |y BK |k EDU | ||
| 952 | |0 0 |1 0 |4 0 |6 658_406000000000000_MAN_1995 |7 0 |8 A |9 247597 |a BIBGIM |b BIBGIM |d 2019-11-18 |i 3134776 |o 658.406 MAN 1995 |p 3134776 |r 2025-01-15 |w 2019-11-18 |y BK |k COM | ||
| 952 | |0 0 |1 0 |4 0 |6 658_406000000000000_MAN_1995 |7 0 |8 A |9 247598 |a BIBENE |b BIBENE |d 2019-11-18 |i 3141721 |o 658.406 MAN 1995 |p 3141721 |r 2025-01-15 |w 2019-11-18 |y BK |k ICO | ||
| 952 | |0 0 |1 0 |4 0 |6 658_406000000000000_MAN_1995 |7 0 |8 A |9 247599 |a BIBENE |b BIBENE |d 2019-11-18 |i 3179338 |o 658.406 MAN 1995 |p 3179338 |r 2025-01-15 |w 2019-11-18 |y BK |k ICO | ||